Macroeconomics

Parkin’s Macroeconomics is a worldwide leader because it provides a serious, analytical approach to the discipline using the latest policy and data. Parkin trains students to think like economists by offering a clear introduction to theory and applying the concepts to today’s events, news, and resea...

Cur síos iomlán

Đã lưu trong:
Sonraí Bibleagrafaíochta
Príomhúdar: Parkin, Michael
Formáid: Leabhar
Teanga:Undetermined
Foilsithe: Reading, Mass. Addison-Wesley 1998
Ábhair:
Clibeanna: Cuir Clib Leis
Gan Chlibeanna, Bí ar an gcéad duine leis an taifead seo a chlibeáil!
Thư viện lưu trữ: Trung tâm Học liệu Trường Đại học Cần Thơ
LEADER 00804nam a2200193Ia 4500
001 CTU_186128
008 210402s9999 xx 000 0 und d
082 |a 339 
082 |b P247 
100 |a Parkin, Michael 
245 0 |a Macroeconomics 
245 0 |c Michael Parkin 
260 |a Reading, Mass. 
260 |b Addison-Wesley 
260 |c 1998 
520 |a Parkin’s Macroeconomics is a worldwide leader because it provides a serious, analytical approach to the discipline using the latest policy and data. Parkin trains students to think like economists by offering a clear introduction to theory and applying the concepts to today’s events, news, and research. 
650 |a Macroeconomics,Kinh tế vĩ mô 
910 |a Hải 
980 |a Trung tâm Học liệu Trường Đại học Cần Thơ